00407nam a2200169Ia 4500008004100000020001800041050001400059100001600073245003200089245001500121260001500136260001700151260000900168300001400177300002500191440002100216180207s9999 xx 000 0 und d a9780717285754 bB534 2005 aBerry, Joy. 2aA book about overdoing it / cJoy Berry. aNew York : bScholastic,  c2005 aunpaged : bcolor illustration ; aHelp me be good!